Women's concerns and the peace process -findings and recommendations: (Record no. 4571)
[ view plain ]
| 000 -LEADER | |
|---|---|
| fixed length control field | 00696nam a2200181 4500 |
| 005 - DATE AND TIME OF LATEST TRANSACTION | |
| control field | 20240113131351.0 |
| 008 - FIXED-LENGTH DATA ELEMENTS--GENERAL INFORMATION | |
| fixed length control field | 231226b2002 |||||||| |||| 00| 0 eng d |
| 020 ## - ISBN | |
| ISBN | 9559078119 |
| 082 ## - DEWEY DECIMAL CLASSIFICATION NUMBER | |
| Classification number | 303.6 |
| Item number | INT |
| 942 ## - ADDED ENTRY ELEMENTS (KOHA) | |
| Item Type | Books |
| 111 ## - MAIN ENTRY--MEETING NAME | |
| Meeting name or jurisdiction name as entry element | International Women's Mission to North East of Sri Lanka, |
| 245 ## - TITLE STATEMENT | |
| Title | Women's concerns and the peace process -findings and recommendations: |
| Sub Title | International Women's Mission to North East of Sri Lanka, 12th to 17th October 2002 |
| 260 ## - PUBLICATION, DISTRIBUTION, ETC. (IMPRINT) | |
| Place of Publication | Nawala: |
| Name of Publisher | International Women's Mission to North East of Sri Lanka, |
| Date of Copyright | 2002 |
| 300 ## - PHYSICAL DESCRIPTION | |
| Extent | 40 p. ; 22 cm |
| 650 ## - SUBJECT ADDED ENTRY--TOPICAL TERM | |
| Topical Term | Ethnic conflict -Sri Lanka |
| 650 ## - SUBJECT ADDED ENTRY--TOPICAL TERM | |
| Topical Term | Rural women- Sri Lanka |
| 650 ## - SUBJECT ADDED ENTRY--TOPICAL TERM | |
| Topical Term | Women and war Sri Lanka |
| Withdrawn status | Lost status | Damaged status | Not for loan | Permanent location | Current location | Date acquired | Total Checkouts | Full call number | Barcode | Date last seen | Price effective from | Koha item type | Source of classification or shelving scheme |
|---|---|---|---|---|---|---|---|---|---|---|---|---|---|
| Resource center, Muslim Women's Research And Action Forum | Resource center, Muslim Women's Research And Action Forum | 2023-12-26 | 303.6 INT | RAF4634 | 2023-12-26 | 2023-12-26 | Reports | ||||||
| Resource center, Muslim Women's Research And Action Forum | Resource center, Muslim Women's Research And Action Forum | 2024-01-20 | 303.6 INT | RAF4799 | 2024-01-20 | 2024-01-20 | Reports | Dewey Decimal Classification |

